| 000 | 00482nam a2200193Ia 4500 | ||
|---|---|---|---|
| 003 | GCL | ||
| 008 | 140319s9999 xx 000 0 eng d | ||
| 040 |
_aGCL / _cGCL |
||
| 082 | 0 | 4 |
_a820.801 _bW R |
| 100 | 1 | _aWU, DUNCAN | |
| 245 | 1 | 0 |
_aROMANTICISM AN ANTHOLOGY / _cWU, DUNCAN |
| 260 |
_a[S.N] : _bBLACKWELL ، _c1994 |
||
| 300 | _a1142 P | ||
| 650 | 0 | 4 | _aENGLISH LITERATURE |
| 650 | 0 | 4 | _aنايل سات |
| 650 | 0 | 4 | _aGREAT BRITAIN |
| 650 | 0 | 4 | _aROMANTICISM |
| 942 |
_2ddc _cBK |
||
| 999 |
_c24487 _d24487 |
||